Trios de pays - Statistiques

Statistiques générales
  • Ce quiz a été pris 165 fois
  • Le résultat moyen est 27 sur 36
Statistiques - réponses
Hint Réponse % Correct
Pays Nordiques Norvège
100%
Pays Nordiques Finlande
99%
Pays Nordiques Suède
99%
Maghreb Algérie
96%
Maghreb Maroc
96%
Maghreb Tunisie
96%
Pays Baltes Estonie
87%
Pays Baltes Lettonie
87%
Pays Baltes Lituanie
87%
Benelux Pays Bas
85%
Benelux Belgique
84%
Benelux Luxembourg
84%
Micro-États pétroliers du Moyen-Orient Qatar
84%
Trio africain aux noms proches Guinée
82%
Trio africain aux noms proches Guinée Equatoriale
82%
"Saint+Prénom" dans les caraïbes Sainte-Lucie
82%
Trio africain aux noms proches Guinée Bissau
79%
"Saint+Prénom" dans les caraïbes Saint-Christophe-et-Niévès
76%
"Saint+Prénom" dans les caraïbes Saint-Vincent-et-les-Grenadines
75%
Slaves aux drapeaux similaires Slovaquie
75%
Slaves aux drapeaux similaires Slovénie
75%
Micro-États pétroliers du Moyen-Orient Koweït
74%
Micro-États pétroliers du Moyen-Orient Bahreïn
72%
Enclave malaisienne/indonésienne Brunei
69%
Enclave malaisienne/indonésienne Singapour
69%
Slaves aux drapeaux similaires Serbie
67%
Enclave malaisienne/indonésienne Timor Oriental
63%
100% Caucasiens Géorgie
60%
Enclavés du côté des Grands Lacs africains Rwanda
60%
100% Caucasiens Arménie
59%
Enclavés du côté des Grands Lacs africains Burundi
58%
Enclavés du côté des Grands Lacs africains Ouganda
56%
100% Caucasiens Azerbaidjan
47%
410 000km² du Golfe de Guinée Togo
43%
410 000km² du Golfe de Guinée Ghana
41%
410 000km² du Golfe de Guinée Bénin
38%
Aucun quiz correspondant
Distribution des résultats
% des personnes avec chaque résultat
Percentile par nombre de réponses
Votre historique - résultats
Vous n’avez pas pris ce quiz